Paroles C'est la Fête - La Belle et la Bête - Statistiques

Statistiques générales
  • Ce quiz a été pris 74 fois
  • Le résultat moyen est 308 sur 440
Statistiques - réponses
Paroles % Correct
ce
100%
Ce
100%
C'est
100%
c'est
100%
fête,
98%
fête
98%
fête !
98%
la
98%
La
98%
à
96%
À
96%
et
94%
Et
94%
Lumière Ma
94%
ma
94%
me
92%
au
90%
Au
90%
le
90%
On
90%
on
90%
Tout
90%
tout
90%
un
90%
Un
90%
de
88%
du
88%
une
88%
Une
88%
vous
88%
Vous
88%
ça
87%
çà,
87%
dans
87%
Dans
87%
nous
87%
nous,
87%
je
85%
Je
85%
jour
85%
moi,
85%
moi
85%
Votre
85%
votre
85%
avec
83%
Avec
83%
petite
83%
Que
83%
que
83%
Service
83%
chante,
81%
chère
81%
des
81%
dîner.
81%
dîner
81%
dîner,
81%
fera
81%
les
81%
monde
81%
ou
81%
Oui
81%
Oui,
81%
Plat
81%
quand
81%
Quand
81%
reste.
81%
bavette
79%
garanti
79%
grande
79%
impec.
79%
lu,
79%
bon
77%
connais
77%
Cuisine
77%
danse,
77%
donc
77%
France !
77%
Mais
77%
pas
77%
pour
77%
Pour
77%
sert
77%
soir.
77%
soir
77%
toute
77%
veille
77%
beurre,
75%
chouette,
75%
est
75%
faire !
75%
faire
75%
faire,
75%
ici,
75%
l'aurez
75%
mademoiselle,
75%
menu,
75%
Mettez
75%
ne
75%
sera
75%
suis
75%
aux
73%
coup
73%
heure.
73%
meilleure
73%
prenez
73%
Prenez
73%
chérie,
71%
laissez
71%
vie
71%
couper
69%
croyez
69%
demoiselle.
69%
mes
69%
Qui
69%
qui
69%
sans
69%
Sans
69%
seule,
69%
seule
69%
spécialité,
69%
chandelles,
67%
connaisseur !
67%
immense
67%
Minette.
67%
par
67%
êtes
65%
fait
65%
prêt
65%
qu'un
65%
recette :
65%
sifflet.
65%
fierté
63%
invitons
63%
J'ai
63%
notre
63%
place,
63%
Pomme
63%
savoir
63%
thé,
63%
tradition
63%
ans
62%
Dix
62%
dix
62%
fière,
62%
Française
62%
gastronomie
62%
maisons !
62%
sont
62%
assiettes
60%
dessert,
60%
grandes
60%
qu'une
60%
plaisir,
58%
pouvoir
58%
prépare
58%
presenter :
58%
Lumière Allez,
56%
chandeliers.
56%
copines !
56%
deux,
56%
galère,
56%
plus
56%
potes
56%
supplice,
56%
Y'a
56%
bonne
54%
domestique
54%
mieux
54%
mieux,
54%
montrer
54%
nos
54%
petits
54%
vaut
54%
verres,
54%
vraie
54%
château…
52%
côte
52%
ferais
52%
peut
52%
peut,
52%
Pommes
52%
poussière,
52%
rien,
52%
bonheur
50%
bouillons,
50%
comme
50%
jamais
50%
Mam'zelle
50%
mam'zelle,
50%
office,
50%
sucre
50%
tristounettes,
50%
cafard,
48%
déambuler
48%
En
48%
fillettes
48%
haute
48%
levons
48%
profonde
48%
trompette.
48%
archives.
46%
barrière,
46%
Champagne
46%
d'âme
46%
désole,
46%
jongler,
46%
mignonette ?
46%
Paris-Brest
46%
sautées,
46%
tache,
46%
torchon,
46%
flambées.
44%
labeur,
44%
pensez
44%
Ratatinés
44%
sautons
44%
art,
42%
autour
42%
corbeille.
42%
déprime !
42%
folle...
42%
frais,
42%
jours
42%
tasses
42%
vive.
42%
d'api,
40%
hors-d'œuvres
40%
lumière
40%
temps
40%
classé
38%
Détendez-vous,
38%
sifflerai
38%
crêpes
37%
Pendant
37%
vieux
37%
Ah,
35%
impression.
33%
jouent
33%
Jusqu'à
33%
sauve
33%
boum,
31%
donner
31%
grâce !
31%
Mironton,
31%
serait
31%
Après
29%
bleu,
29%
grimaces,
29%
irez
29%
my lady !"
29%
glacées,
27%
route
27%
Vos
27%
vos
27%
façons,
25%
L'important,
25%
"Thank you,
25%
Demain
23%
pimpons,
23%
criez
21%
Nappes
21%
tourterelle !
21%
Bombes
17%
empesées,
17%
poussera
17%
serez
17%
Cœur
15%
désirs
15%
l'aise,
15%
Patapouf,
15%
retraite !
15%
faux
13%
requêtes,
13%
égayer
12%
gâtée,
12%
plaise.
12%
semblants,
12%
Viennent
12%
l'escarpolette.
10%
Yopla
8%
combler,
6%
voudrait
6%
Aucun quiz correspondant
Distribution des résultats
% des personnes avec chaque résultat
Percentile par nombre de réponses
Votre historique - résultats
Vous n’avez pas pris ce quiz